00295nam a2200109Ia 4500003000400000008004100004040001600045082001800061245004900079260004500128300001200173GCL140319s9999 xx 000 0 eng d aGCL / cGCL04a624.1834bN S10aSmall Scale Modelling of Concnete Structures a[S.N] : bABT AKVERT SKIRA S.A ، c1992 a349 P P